000 01150cam a22002294a 4500
005 20250605164235.0
008 250528s ||||||||||||||||||||||||d
035 _a21114
020 _a9780192615879
040 _aGR-AtMCL
_bgre
_dGR-AtMCL
_eAACR2
245 1 _aCognitive Behavior Therapy for Psychiatric Problems / A Practical Guide
260 _bOxford University Press,
_c1989
300 _a458
520 _aThis innovative book provides detailed guidance on how to practice cognitive behavior therapy with patients suffering from a wide range of emotional disorders. List of Contributors, The Development and Principles of Cognitive - Behavioral Treatments, Cognitive - Behavioral Assessment, Anxiety States: Panic and Generalized Anxiety, Phobic Disorders, Obsessional Disorders, Depression, Somatic Problems, Eating Disorders, Chronic Psychiatric Handicaps, Marital Problems, Sexual Dysfunctions, Problem - Solving, References, Index.
700 1 _aClark David M
_97143
700 1 _aHawton Keith
_97144
700 1 _aKirk Joan
_97145
700 1 _aSalkovskis Paul M
_97146
942 _cBK
999 _c6183
_d6183